000
00240nam a2200097Ia 4500
001
834409
005
20250826172433.0
008
250824s9999 xx 000 0 und d
245
0
_a
HIZLI TOSBİ
_c
İSMET BERTAN
260
_b
GÜNIŞIĞI YAYINLARI
999
_c
834409
_d
834409